Halo 4 characters - Statistics

General Stats
  • This quiz has been taken 601 times
  • The average score is 3 of 10
Answer Stats
Hint Answer % Correct
Lives in someone's helmet. Cortana
96%
He was abducted at 6 yrs old. Masterchief-John 117
90%
The doctor that does the SPARTAN experiments. Dr.halsey
26%
In halo 4, he wants Chief arrested. Captain Del Rio
24%
He gets a pulse grenade in his body. The didact
21%
Commander of the ship INFINITY. Commander lasky
18%
She is the Spartan Commander abord the UNSC infinity. Sara Palmer
10%
An object that can destroy all humanity. Halo rings
6%
Masterchief's Armour MJOLNIR Mark IV
3%
Masterchief's skin color Albino-white
1%
No matching quizzes found
Score Distribution
Percent of People with Each Score
Percentile by Number Answered
Your Score History
You have not taken this quiz